00722nam a2200205 a 450000100100000000500170001000800410002704000250006804100080009308200150010110000350011624500510015126000470020230000260024950000210027565000220029691000370031895201440035599900170049900003551320240510073817.0111102s1936 xxu 000 0 eng d aDO-SdBNPbspacBNPHU17aeng a101bD519r1 aDewey, John,d1859-195296139810aReconstruction in philosophy /cby John Dewey. aNew York :bHenry Holt and Company,c1936. avii, 224 p. ;c20 cm. aIncluye índice20aFilosofía 9813 aValidado. Control de calidad MFF 001050718MOaGRbGRcHDd2011-11-02iLF1l0o101 D519rp35513-10r2020-06-25w2020-06-25y1zBiblioteca Julio Ortega FrierZNo se presta c35004d35004